header

Walking George (Record no. 112028)

MARC details
000 -LEADER
fixed length control field 02180nam a22003974a 4500
082 04 - DEWEY DECIMAL CLASSIFICATION NUMBER
Classification number 365/.92
-- B
100 1# - MAIN ENTRY--AUTHOR NAME
Personal name Horton, David M.
245 10 - TITLE STATEMENT
Title Walking George
260 ## - PUBLICATION, DISTRIBUTION, ETC. (IMPRINT)
Place of publication Denton, Texas :
Name of publisher University of North Texas Press,
Year of publication c2005.
300 ## - PHYSICAL DESCRIPTION
Number of Pages xii, 257 p. :
Other physical details ill.
490 1# - SERIES STATEMENT
Series statement North Texas crime and criminal justice series ;
505 0# - FORMATTED CONTENTS NOTE
Formatted contents note The early years : Hysham, Montana; New Rockford, North Dakota; and Lena, Illinois (1916-1939) -- Concordia Lutheran College, Austin, Texas (1939-1959) -- The Texas prison system : the first one hundred years (1849-1953) -- The Texas Prison Board : Beto, Coffield, and Ellis (1953-1959) -- Concordia Theological Seminary, Springfield, Illinois (1959-1962) -- The Texas Department of Corrections (1962-1972) -- Sam Houston State University, Huntsville, Texas (1972-1991).
650 #0 - SUBJECT ADDED ENTRY--TOPICAL TERM
Topical Term Prisons
Topical Term Prison administration
Topical Term College teachers
700 1# - ADDED ENTRY--PERSONAL NAME
Personal name Nielsen, George R.
856 40 - ELECTRONIC LOCATION AND ACCESS
Uniform Resource Identifier http://site.ebrary.com/lib/rucke/Doc?id=10120267

No items available.

© 2026 Rongo University
Contact us: librarian | system librarian | Rongo university